Epigramm a halálra

Epigram [pravdepodobne z pera regionálneho autora].

Podrobná bibliografia
Hlavný autor: Eördögh, Daniel (Author)
Médium: Článok
Jazyk:Hungarian
Témy:
Zdroj: 1. Felsőmagyarországi Hirlap : Politikai ujság 1. Roč. 4, č. 20 (09.03.1901) s. 3
LEADER 00816nab#a2200325#ar4500
001 000074963
003 SVKKK
005 20050614xxxxxxx.
008 06 c xo huno
FMT
038 |a SVKKK 
040 |a SVKKK  |b slo  |e AACR2 
041 0 |a hun 
044 |a xo  |c SK 
080 |a 894.511(437.6)-7 
100 1 |a Eördögh, Daniel  |4 aut 
242 1 0 |a Epigram na smrť 
245 1 0 |a Epigramm a halálra  |c Daniel Eördögh 
500 |a Dániel 
500 |a mikrofilm 
520 2 |a Epigram [pravdepodobne z pera regionálneho autora]. 
650 0 4 |a epigramy 
773 0 |t Felsőmagyarországi Hirlap : Politikai ujság  |g Roč. 4, č. 20 (09.03.1901) s. 3 
957 |a Humenné [?] 
958 |a DG 
958 |a SK 
974 |a Ba  |d 20050614 
992 |a RBX 
BAS
998 |a RETRO